00877nam a22002417a 450000500170000001000130001702000230003003500130005303700160006604000120008208200130009410000310010724500960013825000110023426000530024527000390029830000260033765000390036365000460040294200220044899900190047095201460048920170124110245.0 aA-858731 c180.00a8186651144 aA-858731 bCen Lib/Ret aDPLbEN a301bBHA aBhatnagar, Vimal Rai99429 aQuestion bank sociologycby Vimal Rai Bhatnagarbfor civil services preliminary examination a3rd ed aNew Delhi bDhillon Group of Publications c1999 bNew Delhi aE-12, Kalkaji e110019 aviii, 472p.c24cm(Hb) aSociology -- Question bank 997271 aObjectives questions -- Sociology 997272 2ddccENh301mBHA c135470d135470 04104070aLbLd2015-10-06eCen Lib/Retg180.00l0o301 BHApA-858731r2015-10-06 00:00:00t1v180.00w2015-10-06yENzW/d list no. 6836/21